000
00311nam a22001217a 4500
020
_a
978-81259-1663-5
082
_a
658.4013
100
_a
Mandal, S. K.
245
_a
Total Quality Management:
_b
Principles and Practice
260
_a
New Delhi:
_b
VIKAS,
_c
2005
300
_a
xviii, 412p.: ill.; 22cm
942
_c
BK
999
_c
22168
_d
22168